Statistics for Groups of Five #2

Click here to take the quiz!

General Stats

  • This quiz has been taken 97,000 times
    (15,044 since last reset)
  • The average score is 40 of 60

Answer Stats

GroupAnswer% Correct
Nordic countriesNorway
98%
Nordic countriesSweden
98%
Nordic countriesFinland
97%
Nordic countriesDenmark
97%
Nordic countriesIceland
95%
Major circles of latitudeTropic of {Cancer}
89%
Big 5 African game animalsLion
87%
Permanent U.N. Security CouncilUnited States
87%
Permanent U.N. Security CouncilUnited Kingdom
86%
First five elements of the Periodic TableHydrogen
85%
Major circles of latitudeTropic of {Capricorn}
85%
Major circles of latitude{Arctic} Circle
84%
Permanent U.N. Security CouncilFrance
84%
Most common male names in Spain starting with JJuan
84%
Big 5 African game animalsAfrican Elephant
84%
Permanent U.N. Security CouncilRussia
83%
World's largest automakers (2017)Ford
83%
Largest Mediterranean islandsSicily
82%
Major circles of latitudeEquator
82%
Permanent U.N. Security CouncilChina
82%
Largest Mediterranean islandsCyprus
82%
First five elements of the Periodic TableHelium
80%
Traditional Chinese elementsFire
79%
Major circles of latitude{Antarctic} Circle
78%
Traditional Chinese elementsWater
78%
World's largest automakers (2017)Toyota
76%
Traditional Chinese elementsEarth
75%
Five Ws of JournalismWhat
71%
Five Ws of JournalismWhere
71%
Five Ws of JournalismWho
71%
Five Ws of JournalismWhy
71%
Most common male names in Spain starting with JJose
71%
Five Ws of JournalismWhen
71%
Big 5 African game animalsRhinoceros
69%
Largest Mediterranean islandsCrete
68%
Largest Mediterranean islandsSardinia
66%
Largest Mediterranean islandsCorsica
64%
World's largest automakers (2017)Volkswagen
63%
Modern pentathlon eventsCross country run
59%
Countries whose names end in LBrazil
58%
Modern pentathlon events200m freestyle swimming
58%
World's largest automakers (2017)Hyundai / Kia
56%
First five elements of the Periodic TableLithium
55%
World's largest automakers (2017)General Motors
54%
Countries whose names end in LPortugal
52%
Countries whose names end in LNepal
49%
First five elements of the Periodic TableBoron
46%
Countries whose names end in LSenegal
45%
Countries whose names end in LIsrael
43%
First five elements of the Periodic TableBeryllium
43%
Big 5 African game animalsLeopard
41%
Big 5 African game animalsCape Buffalo
40%
Modern pentathlon eventsPistol shooting
38%
Most common male names in Spain starting with JJesus
34%
Most common male names in Spain starting with JJorge
32%
Modern pentathlon eventsShow jumping
29%
Most common male names in Spain starting with JJavier
29%
Traditional Chinese elementsMetal
23%
Traditional Chinese elementsWood
22%
Modern pentathlon eventsFencing
19%

Score Distribution

Percentile by Number Answered

Percent of People with Each Score

Your Score History

You have not taken this quiz since the last reset